Animales en general /

Conjunto de tres textos del naturalista, zoólogo y viajero inglés Gerald Durrell, dedicados al comportamiento e ingenio de los animales y a las especies en peligro de extinción. Fundador de un zoológico en la isla de Jersey, en el canal de la Mancha, Durrell es autor de una prolífica obra escrita qu...

Descripción completa

Guardado en:
Detalles Bibliográficos
Autor principal: Durrell, Gerald (autor)
Formato: Libro
Idioma:Español
Publicado: Madrid, España : Alianza, 1994, c1994
Colección:(Alianza Cien ; 32)
Temas:
Etiquetas: Agrega una etiqueta
Sin etiquetas, Sé el primero en etiquetar este registro!

MARC

LEADER 00000nam^a2200000^a^4500
001 000118608
005 20250521000000.0
009 20260310094247.879
020 |a 84-206-4632-6 
037 |a Acervo ITESO - Biblioteca 
041 |a ESP 
082 |a 591.  |b DUR 
100 |a Durrell, Gerald  |e (autor) 
240 1 1 |a [Encuentros con animales] 
245 1 0 |a Animales en general /  |c G. Durrell ; tr. por Fernando Santos Fontenla. 
264 4 |a Madrid, España :  |b Alianza,  |c 1994, c1994 
300 |a 61 p. 
336 |a texto  |b txt  |2 rdacontenido 
337 |a sin mediación  |b n  |2 rdamedio 
338 |a volumen  |b nc  |2 rdasoporte 
440 1 |a (Alianza Cien ;  |v 32) 
520 |a Conjunto de tres textos del naturalista, zoólogo y viajero inglés Gerald Durrell, dedicados al comportamiento e ingenio de los animales y a las especies en peligro de extinción. Fundador de un zoológico en la isla de Jersey, en el canal de la Mancha, Durrell es autor de una prolífica obra escrita que comprende, entre otros títulos: Atrápame ese mono; Murciélagos rosados y palomas rosas; Tierra de murmullos; El arca inmóvil; Viaje a Australia, Nueva Zelanda y Malasia y Encuentros con animales. La presente edición es precisamente un extracto de Encuentros con animales. 
649 |a XX 
650 |a Zoología 
650 |a Etología 
650 |a Especies en Peligro de Extinción 
650 |a Conservación y Protección Ambiental 
650 |a Ecología 
650 |a Biología 
910 |a Fondo General 
920 |a Impresos - Libros 
930 |a Colección General 
905 |a 101 
901 |a 0500053617  |b IT1  |c ACC  |u 20250521 
902 |a https://opac.biblio.iteso.mx/vufind/Record/000118608